000 00647nam a2200229 a 4500
001 73678
003 BD-RjUL
005 20211209082430.0
008 170606s19661951enk 001 0 und d
035 _a(BD-RjUL)73896
040 _aEQO
_cEQO
_beng
_dBD-RjUL
041 _aeng
082 _a657
_bCRH 1966
_223
100 _aCropper, L. Cuthbert
_9218093
245 1 0 _a Higher book-keeping and accounts /
_cL Cuthbert Cropper
250 _a7th.ed.
260 _aLondon :
_bMacdonald and Evans ;
_c1952 [reprint 1966]
300 _a807p. :
_bill. ;
_c18 cm.
650 _aAccounting
_947455
650 _aBook keeping
_9218158
942 _2ddc
_cBK
999 _c73678
_d73678